=LDR 00000nam 2200000 4500 =001 000432 =005 20250710040605 =035 ##$$a 0010-0725000294 =007 ta =008 250710################a##########0#ind## =020 ##$$a 978-623-307-287-8 =082 ##$$a 398.209 598 =084 ##$$a 398.209 598 KUM a =100 #$$a Kumar Arnav =245 1#$$a Anita Mengunjungi Pelangi /$c Arnav Kumar =250 ##$$a Cetakan Pertama 2024 =260 ##$$a Jakarta :$b Badan Pengembangan dan Pembinaan Bahasa,$c 2022 =300 ##$$a 20 hlm : $b Ilus. ; $c 29,7 cm =650 #4$$a Cerita Anak Indonesia - Terjemahan =650 #4$$a Literasi- Bahan Bacaan =990 ##$$a TBM01560156